000 00614nam a22002297a 4500
003 UA-OsUOA
001 97282
007 ta
008 20130327b un ||||| |||| 00| 0 ukr d
100 _aПрийма Ф.
090 _a82.09
_bП75
942 _cBK
040 _aUA-OsUOA
_brus
_cUA-OsUOA
_dUA-OsUOA
245 _aНекрасов в русской критике
_cСост. Еголин А.
300 _a208 с.
955 _a1
041 _arus
080 _a82.09
260 _aМ.
_bОГИЗ
_c1944
650 7 _a82 Література. Літературознавство
_2UDC
999 _c383530
_d383530